The noble scholar, jurist, historian


 His Excellency Dr. Abdul Wahhab bin Ibrahim Abu Sulaiman, may Allah have mercy on him.


 He was born in Umm Al-Qura in the year 1356 AH.

الإسلام ومستقبل الحوار الحضاري : (Record no. 2667)

MARC details
000 -LEADER
fixed length control field 01274cam a2200253 i 4500
003 - CONTROL NUMBER IDENTIFIER
control field SA-RiAUC
005 - DATE AND TIME OF LATEST TRANSACTION
control field 20241124060711.0
008 - FIXED-LENGTH DATA ELEMENTS--GENERAL INFORMATION
fixed length control field 241121s1998 ua g f10010 ara c
040 ## - CATALOGING SOURCE
Original cataloging agency SA-JeALM
Language of cataloging ara
Transcribing agency SA-RiAUC
Description conventions rda
072 #7 - SUBJECT CATEGORY CODE
Subject category code 017
082 04 - DEWEY DECIMAL CLASSIFICATION NUMBER
Classification number 214.3
090 ## - LOCALLY ASSIGNED LC-TYPE CALL NUMBER (OCLC); LOCAL CALL NUMBER (RLIN)
Classification number (OCLC) (R) ; Classification number, CALL (RLIN) (NR) 214.3
Local cutter number (OCLC) ; Book number/undivided call number, CALL (RLIN) و ز ا
110 1# - MAIN ENTRY--CORPORATE NAME
Corporate name or jurisdiction name as entry element وزارة الاوقاف.
Subordinate unit المجلس الأعلى للشؤون الإسلامية.
-- مؤتمر
Location of meeting القاهرة
Date of meeting or treaty signing 1996 :
Number of part/section/meeting (8 :
245 12 - TITLE STATEMENT
Title الإسلام ومستقبل الحوار الحضاري :
Remainder of title أبحاث ووقائع المؤتمر العام الثامن للمجلس الأعلى للشؤون الإسلامية المنعقد بالقاهرة في الفترة من 24 حتى 27 يوليه 1996 م
Statement of responsibility, etc. إشراف وتقديم محمود حمدي زقزوق.
264 #1 - PRODUCTION, PUBLICATION, DISTRIBUTION, MANUFACTURE, AND COPYRIGHT NOTICE
Place of production, publication, distribution, manufacture القاهرة :
Name of producer, publisher, distributor, manufacturer المجلس الأعلى للشؤون الإسلامية،
Date of production, publication, distribution, manufacture, or copyright notice 1998
300 ## - PHYSICAL DESCRIPTION
Extent 430 ، 91 ، 53 صفحة ؛
Dimensions 24 سم
336 ## - CONTENT TYPE
Content type term نص
Content type code txt
Source rdacontent
Materials specified كتاب
337 ## - MEDIA TYPE
Media type term بدون وسيط
Media type code n
Source rdamedia
338 ## - CARRIER TYPE
Carrier type term مجلد
Carrier type code nc
Source rdacarrier
650 #7 - SUBJECT ADDED ENTRY--TOPICAL TERM
Topical term or geographic name entry element الإسلام والحضارة
Form subdivision مؤتمرات
Source of heading or term aucsh
700 1# - ADDED ENTRY--PERSONAL NAME
Personal name زقزوق، محمود حمدي،
Dates associated with a name 1933-
Relator term مشرف.
942 ## - ADDED ENTRY ELEMENTS (KOHA)
Source of classification or shelving scheme Dewey Decimal Classification
Koha item type Books
Suppress in OPAC No
949 ## - LOCAL PROCESSING INFORMATION (OCLC)
a SA-JeALM
d 241121
u mohamedma123
n 1
Holdings
Withdrawn status Lost status Source of classification or shelving scheme Damaged status Not for loan Home library Current library Date acquired Total checkouts Full call number Barcode Date last seen Price effective from Koha item type
    Dewey Decimal Classification     DR AbdElwahab Library DR AbdElwahab Library 11/24/2024   214.3 و ز ا 000004161 11/24/2024 11/24/2024 Books